Dilemmas of dying : policies and procedures for decisions not to treat : proceedings of a 1979 conference sponsored by medicine in the Public Interest, inc. /

Bibliographic Details
Corporate Authors: Dilemmas of Dying Conference Boston, Mass., Medicine in the Public Interest, inc
Other Authors: Wong, Cynthia B., Swazey, Judith P.
Format: Conference Proceeding Book
Language:English
Published: Boston, Mass. : Hall Medical, [1981]
Subjects:

MARC

Tag First Indicator Second Indicator Subfields
LEADER 00000cam a2200000 a 4500
001 in00000073939
005 20151008060101.0
008 791108s1981 mau b 10010 engm
010 |a  79024943  
020 |a 0816121796 
035 |a (OCoLC)05750834 
035 |9 AAJ5094AM 
040 |a DLC  |c DLC  |d m.c.  |d CUX  |d TXA  |d UtOrBLW 
043 |a n-us--- 
049 |a TXAM  |c [1804985] 
050 0 0 |a KF3827.E87  |b D54 1979 
060 0 |a W 50 D5757 1979 
082 0 |a 344/.73/041 
111 2 |a Dilemmas of Dying Conference  |d (1979 :  |c Boston, Mass.) 
245 1 0 |a Dilemmas of dying :  |b policies and procedures for decisions not to treat : proceedings of a 1979 conference sponsored by medicine in the Public Interest, inc. /  |c edited by Cynthia B. Wong, Judith P. Swazey. 
264 1 |a Boston, Mass. :  |b Hall Medical,  |c [1981] 
264 4 |c ©1981 
300 |a xiv, 205 pages ;  |c 24 cm. 
336 |a text  |b txt  |2 rdacontent 
337 |a unmediated  |b n  |2 rdamedia 
338 |a volume  |b nc  |2 rdacarrier 
504 |a Bibliography: pages [197]-205. 
650 0 |a Right to die  |x Law and legislation  |z United States  |x Congresses. 
650 0 |a Terminal care  |x Law and legislation  |z United States  |x Congresses. 
650 0 |a Right to die  |x Congresses. 
650 0 |a Terminal care  |x Moral and ethical aspects  |x Congresses. 
650 2 |a Ethics, Medical  |x congresses. 
650 2 |a Patient Advocacy  |x legislation  |x congresses. 
650 2 |a Terminal Care  |x legislation  |x congresses. 
700 1 |a Wong, Cynthia B. 
700 1 |a Swazey, Judith P. 
710 2 |a Medicine in the Public Interest, inc. 
999 |a MARS 
999 f f |s 512b0168-0cec-30cb-ad2b-eb6c1e922271  |i 6ec80562-0168-3ae6-a159-cc4d926979af  |t 0 
952 f f |p ric  |a Texas A&M University  |b Rellis Campus  |c Joint Library Facility  |d Remote Storage  |t 0  |e KF3827.E87 D54 1979  |h Library of Congress classification  |i unmediated -- volume  |m A14806156107 
998 f f |a KF3827.E87 D54 1979  |t 0  |l Remote Storage